Responses for Show #3748 - Wednesday, December 13, 2000

Contestants

[<< previous game]

Dan Evans, an editorial researcher from New York City, New York

John Draz, a culinary school instructor from Chicago, Illinois

Tanya Wade, an assistant marketing editor from West Palm Beach, Florida (whose 1-day cash winnings total $6,800)

[next game >>]

Jeopardy! Round responses

ELSEWHERE IN 1776
3-NAMED CELEBRITIES
STATES BY COUNTIES
HOLD IT
DEAD LANGUAGE
IT'S YOUR DIME
    $100 20
Roman Empire

John
    $100 1
David Hyde Pierce

Tanya
    $100 25
(less than a minute to go...)

Texas

Tanya
    $100 9
Cookie jar

John
    $100 14
(T: What is a cuckoo?)

Dead duck

TanyaDan
    $100 6
Franklin D. Roosevelt

John
    $200 21
(D: What is Pastania?)

Northwest Passage

TanyaDan
    $200 2
James Earl Jones

Dan
    $200 26
(D: What is Tennessee?)

Missouri

JohnDan
    $200 10
Barrel ("Beer Barrel Polka")

Dan
    $200 15
Black comedy/humor

Dan
    $200 7
(D: What is minted the coin?)

Designed the coin

Dan
Triple Stumper
    $300 22
Milan

Tanya
    $300 3
Edward James Olmos

Dan
    $300 27
(D: What is Tennessee?)
(T: What is Alabama?)

Oklahoma

TanyaJohnDan
    $500 11
Sack

Dan
    $300 16
Pyre

John
    $300 8
Quarter

Tanya
    $400 23
Carbon monoxide

John
    $400 4
(J: Who is Michael Paul Glaser?)
(T: Who is Michael...uhhh?)

Paul Michael Glaser

TanyaJohn
Triple Stumper
    $400 28
Nebraska

John
    $400 12
Caddy

Tanya
    $400 17
Cryonics

Triple Stumper
    $400 19
Nickel

Dan
    $500 24
Cherbourg

John
    $500 5
Rachael Leigh Cook

Tanya
    $500 29
Oregon

Triple Stumper
    $500 13
Crucible

Dan
    $500 18
Cadaver

John
    $500 30
Oak & olive

Triple Stumper

Scores at the first commercial break (after clue 13):

Tanya John Dan
$900 -$200 $1,500

Scores at the end of the Jeopardy! Round:

Tanya John Dan
$1,100 $2,500 $1,500

Double Jeopardy! Round responses

ARISTOTLE SAYS...
EUROPEAN PHRASE BOOK
THE MOLECULAR WORLD
SCI FIDELITY
BRIGHT "LIGHT"S
BIG CITY
    $200 16
Plato

Tanya
    $200 11
Do you speak English?

Dan
    $200 24
Oxygen

Dan
    $200 17
Khan

Tanya
    $200 1
"Light My Fire"

John
    $200 6
Nairobi

Tanya
    $400 22
(minute to go...)

Education

Triple Stumper
    $400 12
Another beer

Dan
    $400 25
Propane

Dan
    $400 18
Invasion of the Body Snatchers

Dan
    $400 2
Northern Lights

Tanya
    $400 7
Saigon/Ho Chi Minh City

John
    $600 23
Soul

Triple Stumper
    $600 13
Good-bye/until we meet again/see you later

Dan
    $600 26
(T: What is mustard gas?)

Nerve gases

Tanya
Triple Stumper
    $600 19
The Thing From Another World

Triple Stumper
    $600 3
Festival/Feast of Lights

Dan
    $1,000 8
Kathmandu, Nepal

John
    $800 29
(buzzer sounds)

Democracy

John
    $800 14
Do you give lessons?

Triple Stumper
    $800 27
Bonds

Triple Stumper
    $800 20
Them!

Triple Stumper
    $800 4
Speed of light

John
    $800 9
Avignon

Triple Stumper
    $1000 15
Worry

Triple Stumper
    $1000 28
NH3 (Ammonia)

Triple Stumper
    $1000 21
THX 1138

Triple Stumper
    $1,000 5
Lighthouse

John
    $1000 10
(T: What is Wellington?)
(J: What is Christchurch?)

Auckland

TanyaJohn
Triple Stumper

Scores at the end of the Double Jeopardy! Round:

Tanya John Dan
$500 $5,700 $4,300

[wagering suggestions for these scores]

Final Jeopardy! Round responses

MUSICAL THEATRE
TanyaWhat is Riverdance
$500
DanWhat is Riverdance?
$2,500
JohnWhat is River Dance?
$2,901
"Riverdance"

Final scores:

Tanya John Dan
$1,000 $8,601 $6,800
3rd place: Bolide International Gift Certificate New champion: $8,601 2nd place: Eagle Rider Motorcycle Trip in Western U.S.

Game dynamics:

Coryat scores:

Tanya John Dan
$500 $5,300 $4,100
11 R,
5 W
16 R
(including 2 DDs),
2 W
15 R
(including 1 DD),
4 W

Combined Coryat: $9,900

[game clues] [game scores] [suggest correction]

Game tape date: 2000-10-24
The J! Archive is created by fans, for fans. Scraping, republication, monetization, and malicious use prohibited; this site may use cookies and collect identifying information. See terms. The Jeopardy! game show and all elements thereof, including but not limited to copyright and trademark thereto, are the property of Jeopardy Productions, Inc. and are protected under law. This website is not affiliated with, sponsored by, or operated by Jeopardy Productions, Inc. Join the discussion at JBoard.tv.